Základy biochemie
Na minha lista:
| Autor principal: | |
|---|---|
| Formato: | Livro |
| Idioma: | idioma desconhecido |
| Publicado em: |
Praha
Academia
1981
|
| Edição: | 3. přeprac. vyd. |
| Acesso em linha: | View in OPAC |
| Tags: |
Sem tags, seja o primeiro a adicionar uma tag!
|
MARC
| LEADER | 00000nam a2200000 a 4500 | ||
|---|---|---|---|
| 005 | 20260127133921.0 | ||
| 008 | 970301s1981 xx 0 und c | ||
| 035 | |a vtls001278306 | ||
| 035 | |a SNK000229615 | ||
| 039 | 9 | |a 200903260840 |b mschk03 |y 200412271329 |z VLOAD | |
| 040 | |a SNK |b slo |c SNK |d STUSCHK1 |e AACR2 | ||
| 100 | 1 | |a Karlson, Peter | |
| 245 | 1 | |a Základy biochemie | |
| 250 | |a 3. přeprac. vyd. | ||
| 260 | |a Praha |b Academia |c 1981 | ||
| 300 | |a 501 s. | ||
| 500 | |a přel. z něm. orig. | ||
| 910 | |a SCHK95 | ||
| 999 | |c 26 |d 26 | ||